Parricidal fantasies and accession to masculinity: Considerations based on the case of a suicidal adolescent (notice n° 2209413)
[ vue normale ]
| 000 -LEADER | |
|---|---|
| fixed length control field | 01753cam a2200169 4500500 |
| 005 - DATE AND TIME OF LATEST TRANSACTION | |
| control field | 20260412000225.0 |
| 041 ## - LANGUAGE CODE | |
| Language code of text/sound track or separate title | fre |
| 042 ## - AUTHENTICATION CODE | |
| Authentication code | dc |
| 100 10 - MAIN ENTRY--PERSONAL NAME | |
| Personal name | Llantia, Camille |
| Relator term | author |
| 245 00 - TITLE STATEMENT | |
| Title | Parricidal fantasies and accession to masculinity: Considerations based on the case of a suicidal adolescent |
| 260 ## - PUBLICATION, DISTRIBUTION, ETC. | |
| Date of publication, distribution, etc. | 2026.<br/> |
| 500 ## - GENERAL NOTE | |
| General note | 16 |
| 520 ## - SUMMARY, ETC. | |
| Summary, etc. | This article examines the role of parricidal fantasies in adolescent boys and their potential role in suicidal behavior. Drawing on a clinical case from an ongoing research project on gender and adolescent suicide, we explore how these fantasies generate intense identificatory conflicts that often fail to be psychically elaborated. This is the case of an adolescent who engaged in several suicidal acts during dissociative episodes, while being intensely overwhelmed by parricidal fantasies. This failure of psychic elaboration may lead to a subjective impasse where unprocessed fantasies become overwhelming and contribute to self-destructive behavior. By combining clinical interviews with material from the Thematic Apperception Test (TAT), we assess the impact of these dynamics on adolescent identity formation. The findings are discussed in light of previous research on parricidal acts and melancholic processes in adolescence. Particular attention is given to the therapeutic value of restitution interviews, which may open new avenues for clinical intervention with adolescents in the aftermath of a suicide attempt. |
| 700 10 - ADDED ENTRY--PERSONAL NAME | |
| Personal name | de Kernier, Nathalie |
| Relator term | author |
| 786 0# - DATA SOURCE ENTRY | |
| Note | Cahiers de psychologie clinique | 66 | 1 | 2026-03-12 | p. 257-272 | 1370-074X |
| 856 41 - ELECTRONIC LOCATION AND ACCESS | |
| Uniform Resource Identifier | <a href="https://shs.cairn.info/journal-cahiers-de-psychologie-clinique-2026-1-page-257?lang=en&redirect-ssocas=7080">https://shs.cairn.info/journal-cahiers-de-psychologie-clinique-2026-1-page-257?lang=en&redirect-ssocas=7080</a> |
Pas d'exemplaire disponible.




Réseaux sociaux